000 004430000a22001810004500
003 LK-CoMWRAF
005 20231102134223.0
008 230817t ||||| |||| 00| 0 eng d
040 _aLK-CoMWRAF
_dLK-CoMWRAF
_eLK-CoMWRAF
041 _aeng
082 _a297.57
_bSAK
100 _aSakr, Ahmad H.
245 _aFamily values in Islam
260 _aLondon :
_bAhmad H. Sakr,
300 _a193p
650 _aIslam--Family values
942 _cBK
999 _c978
_d978